000 01362nam a22002411a 4500
999 _c7617
_d7617
001 7617
003 OSt
005 20260204212138.0
008 080123s2007||||dr ||||||b||||||||||spa||
090 _aM-BA 2007 M17
100 1 _aEspino J, Rosa M
_esustentante
245 1 _aRespuestas a las necesidades educativas especiales en los centros educativos Los Mineros, Juan Pablo Duarte, Juan Sánchez Ramírez, Antiguo Liceo y San Martín del nivel básico del distrito 16-01 de Cotuí, 2006-2007 / Rosa M. Espino J. ; asesor Carmen Lidia Fabián
260 _aCotuí, República Dominicana :
_bUTECO,
_c2007
300 _axxiv, 98 hojas :
_bIlustraciones ;
_c28cm.
502 _aMonográfico (Educación Básica)--Universidad Tecnológica del Cibao Oriental, 2007
504 _aIncluye referencia bibliográfica e índice
505 _aÍndice -- declaración de autoría -- agradecimientos -- dedicatorias--resumen -- Capítulo I: Introducción -- Capítulo II: Revisión de literatura -- Capítulo III: Metodología -- Capítulo IV: Presentación de los resultados -- Capítulo V: Discusión y análisis de los resultados
650 _aEducación BásicaÌ
700 1 _aRosa M. Espino J.
700 1 _a Lidia Fabián, Carmen
_easesor
830 _aTesis y disertaciones académicas (Universidad Tecnológica del Cibao Oriental)
942 _2LC
_cTH